Faluchos

Saved in:
Bibliografiske detaljer
Hovedforfatter: Guerrero, Leoncio (Author)
Format: Bog
Sprog:spansk
Udgivet: Santiago Zig-Zag 1946
Serier:Biblioteca de Escritores Chilenos, 12
Fag:
Tags: Tilføj Tag
Ingen Tags, Vær først til at tagge denne postø!

MARC

LEADER 00000nam a2200000 a 4500
001 UCZ7804
003 CL-VaPUC
008 960112e19460000CL |||||||||||||||||spa|d
082 0 4 |a Ch863  |b GUE  |2 21 
100 |a Guerrero, Leoncio  |e author  |9 515437 
245 1 0 |a Faluchos 
300 |a 242 p 
942 |c BK 
945 |d 19960112 00:00:00  |a rleighto 
260 |a Santiago  |b Zig-Zag  |c 1946 
650 0 |a Novelas chilenas   |9 265425 
583 |a last modification  |c 20160602 17:24:20  |k Rodrigo Vera 
490 0 |a Biblioteca de Escritores Chilenos, 12 
999 |c 243802  |d 243800 
952 |0 0  |1 0  |4 0  |6 CH_863_000000000000000_GUE_1946  |7 0  |8 A  |9 257617  |a BIBEDU  |b BIBEDU  |d 2019-11-19  |i 3169332  |o Ch863 GUE 1946  |p 3169332  |r 2019-11-19  |w 2019-11-19  |y BK  |k LIT